[Event "NOR-chT Clubs"]
[Site "Fagernes"]
[Date "2012.06.10"]
[Round "6"]
[White "Bae, Torstein"]
[Black "Gholami, Armin"]
[Result "1-0"]
[WhiteElo "2422"]
[BlackElo "1915"]
[PlyCount "91"]
[EventDate "2012.06.08"]
[EventType "team-swiss"]
[EventRounds "6"]
[EventCountry "NOR"]
[SourceTitle "CBM 148 Extra"]
[Source "ChessBase"]
[SourceDate "2012.06.22"]
[SourceVersion "1"]
[SourceVersionDate "2012.06.22"]
[SourceQuality "1"]
[WhiteTeam "Oslo SK 1911"]
[BlackTeam "OSS"]
[WhiteTeamCountry "NOR"]
[BlackTeamCountry "NOR"]

1. e4 e6 2. d4 d5 3. Nd2 dxe4 4. Nxe4 Bd7 5. Nf3 Bc6 6. Bd3 Bxe4 7. Bxe4 c6 8. 0-0 Nf6 9. Bd3 Bd6 10. Qe2 Nbd7 11. c4 0-0 12. b3 c5 13. Bb2 cxd4 14. Nxd4 Ne5 15. Bc2 Ng6 16. g3 a6 17. Rad1 Qe7 18. f4 Bc5 19. Kh1 b5 20. h3 Rfc8 21. Kh2 bxc4 22. bxc4 Qc7 23. Nf3 Ne8 24. f5 exf5 25. Bxf5 Bd6 26. Rg1 Qxc4 27. Bd3 Qxa2 28. Rg2 Qa5 29. Bc4 Qc7 30. Bd5 Ra7 31. Ng5 Qa5 32. Nxf7 Rxf7 33. Qe6 Qc7 34. Rc1 Nf8 35. Qxc8 Qa5 36. Bxf7+ Kxf7 37. Rf1+ Nf6 38. Qb7+ Kg6 39. Bxf6 gxf6 40. Qe4+ Kf7 41. Qb7+ Kg6 42. Qe4+ Kf7 43. Rb1 Qa3 44. Rb7+ Kg8 45. Qg4+ Ng6 46. Qe6+ 1-0

[Event "NOR-chT Clubs"]
[Site "Fagernes"]
[Date "2012.06.09"]
[Round "4"]
[White "Gholami, Armin"]
[Black "Edakina, Anastasia"]
[Result "1-0"]
[WhiteElo "1915"]
[BlackElo "1868"]
[PlyCount "49"]
[EventDate "2012.06.08"]
[EventType "team-swiss"]
[EventRounds "6"]
[EventCountry "NOR"]
[SourceTitle "CBM 148 Extra"]
[Source "ChessBase"]
[SourceDate "2012.06.22"]
[SourceVersion "1"]
[SourceVersionDate "2012.06.22"]
[SourceQuality "1"]
[WhiteTeam "OSS"]
[BlackTeam "OSS"]
[WhiteTeamCountry "NOR"]
[BlackTeamCountry "NOR"]

1. e4 e5 2. Nf3 Nf6 3. Nxe5 d6 4. Nf3 Nxe4 5. Nc3 Nxc3 6. dxc3 Be7 7. Be3 Bg4 8. h3 Bh5 9. Qd5 Bxf3 10. Qxf3 c6 11. Bd3 Nd7 12. 0-0-0 Ne5 13. Qg3 Nxd3+ 14. Rxd3 Qa5 15. Qxg7 0-0-0 16. Qxf7 Rd7 17. Kb1 d5 18. Qg7 Qd8 19. Qd4 c5 20. Qe5 Bf6 21. Qf5 Rf8 22. Rxd5 Be7 23. Qg4 Rg8 24. Rxd7 Qxd7 25. Qxg8+ 1-0

[Event "NOR-chT Clubs"]
[Site "Fagernes"]
[Date "2012.06.09"]
[Round "2"]
[White "Gholami, Armin"]
[Black "Stray, Gunnar"]
[Result "0-1"]
[WhiteElo "1915"]
[BlackElo "2031"]
[PlyCount "78"]
[EventDate "2012.06.08"]
[EventType "team-swiss"]
[EventRounds "6"]
[EventCountry "NOR"]
[SourceTitle "CBM 148 Extra"]
[Source "ChessBase"]
[SourceDate "2012.06.22"]
[SourceVersion "1"]
[SourceVersionDate "2012.06.22"]
[SourceQuality "1"]
[WhiteTeam "OSS"]
[BlackTeam "Moss"]
[WhiteTeamCountry "NOR"]
[BlackTeamCountry "NOR"]

1. e4 c5 2. Ne2 Nc6 3. c4 e5 4. Nbc3 g6 5. g3 Bg7 6. Bg2 d6 7. a3 Be6 8. Nd5 Qd7 9. Qa4 Bxd5 10. exd5 Nce7 11. Qxd7+ Kxd7 12. b4 Rc8 13. Nc3 f5 14. Rb1 b6 15. d3 Nf6 16. bxc5 Rxc5 17. Be3 Ra5 18. Nb5 Nc8 19. Rb3 Ne8 20. Bd2 Ra6 21. Ke2 Nc7 22. Rc1 h5 23. f4 Re8 24. Kf2 Bf6 25. Nc3 exf4 26. gxf4 Bd4+ 27. Kf3 Bxc3 28. Bxc3 Ra4 29. Bb4 Na6 30. d4 Nxb4 31. axb4 Ra2 32. Rg1 Ree2 33. Bf1 Rf2+ 34. Ke3 Ne7 35. h4 Rh2 36. Kd3 Rxh4 37. Bg2 Rg4 38. Rbb1 h4 39. Rbe1 Ra3+ 0-1

[Event "Fagernes Norsk op-A"]
[Site "Fagernes"]
[Date "2011.04.23"]
[Round "9"]
[White "Mikalsen, Erlend"]
[Black "Gholami, Armin"]
[Result "1-0"]
[WhiteElo "1981"]
[BlackElo "1797"]
[PlyCount "83"]
[EventDate "2011.04.17"]
[EventType "swiss"]
[EventRounds "9"]
[EventCountry "NOR"]
[SourceTitle "CBM 141 Extra"]
[Source "ChessBase"]
[SourceDate "2011.05.03"]
[SourceVersion "1"]
[SourceVersionDate "2011.05.03"]
[SourceQuality "1"]

1. e4 e6 2. d4 d5 3. Nc3 Nf6 4. e5 Nfd7 5. f4 c5 6. Nf3 Nc6 7. Be3 a6 8. Qd2 b5 9. dxc5 Bxc5 10. 0-0-0 Qb6 11. Bxc5 Nxc5 12. Bd3 b4 13. Ne2 a5 14. Ned4 Nxd4 15. Nxd4 Bd7 16. f5 exf5 17. Bxf5 Ne6 18. Bxe6 Bxe6 19. Qg5 0-0 20. Rhf1 Qd8 21. Qg3 Rc8 22. Kb1 a4 23. Rf4 Qc7 24. Qe3 b3 25. cxb3 axb3 26. axb3 Rfe8 27. Rf2 Ra8 28. Rc1 Qa5 29. Rc3 Qa1+ 30. Kc2 Bg4 31. Qc1 Qa7 32. Qf4 Be6 33. Rff3 Qe7 34. Nc6 Qd7 35. h3 Ra1 36. g4 f6 37. exf6 Bf7 38. Ne7+ Rxe7 39. fxe7 Bg6+ 40. Kd2 Qxe7 41. Rc8+ Be8 42. Re3 1-0

[Event "Fagernes Norsk op-A"]
[Site "Fagernes"]
[Date "2011.04.17"]
[Round "4"]
[White "Gholami, Armin"]
[Black "Arndt, Uwe"]
[Result "1/2-1/2"]
[WhiteElo "1797"]
[BlackElo "2021"]
[PlyCount "150"]
[EventDate "2011.04.17"]
[EventType "swiss"]
[EventRounds "9"]
[EventCountry "NOR"]
[SourceTitle "CBM 141 Extra"]
[Source "ChessBase"]
[SourceDate "2011.05.03"]
[SourceVersion "1"]
[SourceVersionDate "2011.05.03"]
[SourceQuality "1"]

1. d4 d5 2. c4 e6 3. Nc3 Nf6 4. Bg5 Be7 5. Nf3 h6 6. Bh4 0-0 7. Qc2 b6 8. cxd5 exd5 9. e3 Bb7 10. Bd3 Nbd7 11. 0-0 c5 12. Ne5 Nxe5 13. dxe5 Ng4 14. Bg3 Bh4 15. Rad1 Bxg3 16. hxg3 Re8 17. Bf5 Nxe5 18. Be4 Rb8 19. Nxd5 Bxd5 20. Bxd5 Qf6 21. Rd2 Rec8 22. a4 a6 23. Rfd1 b5 24. Ba2 Rb6 25. a5 Rbc6 26. Bd5 R6c7 27. Qe4 Nc6 28. Bxc6 Rxc6 29. b3 g6 30. Rc1 Qe6 31. Qd3 c4 32. bxc4 Rxc4 33. Rxc4 Rxc4 34. Qd6 Rc1+ 35. Kh2 Rc6 36. Qb8+ Rc8 37. Qf4 g5 38. Qd6 Rc6 39. Qxe6 Rxe6 40. Rd8+ Kg7 41. Rb8 g4 42. Kg1 Kf6 43. Rb7 Rd6 44. Kf1 Ke6 45. Ke2 f5 46. f3 Kd5 47. Rf7 Ke6 48. Rh7 Ke5 49. Rc7 Kd5 50. Rf7 Ke6 51. Rh7 Ke5 52. Rc7 Rf6 53. Kd3 Kd5 54. e4+ fxe4+ 55. fxe4+ Kd6 56. Rg7 Kc5 57. Rxg4 Re6 58. Rh4 Rd6+ 59. Kc2 Kd4 60. Kb3 Rc6 61. Kb4 Rc4+ 62. Kb3 Rc6 63. Kb4 Rg6 64. g4 Rc6 65. Kb3 Ke5 66. g3 Kd4 67. Kb4 Ke3 68. e5 Kf3 69. g5 hxg5 70. Rd4 Re6 71. Rd6 Rxe5 72. Rxa6 Kxg3 73. Rb6 g4 74. Rxb5 Rxb5+ 75. Kxb5 Kf2 1/2-1/2

[Event "Fagernes Norsk op-A"]
[Site "Fagernes"]
[Date "2011.04.17"]
[Round "7"]
[White "Gholami, Armin"]
[Black "Taksrud, Vidar"]
[Result "1-0"]
[WhiteElo "1797"]
[BlackElo "2088"]
[PlyCount "103"]
[EventDate "2011.04.17"]
[EventType "swiss"]
[EventRounds "9"]
[EventCountry "NOR"]
[SourceTitle "CBM 141 Extra"]
[Source "ChessBase"]
[SourceDate "2011.05.03"]
[SourceVersion "1"]
[SourceVersionDate "2011.05.03"]
[SourceQuality "1"]

1. e4 Nf6 2. e5 Nd5 3. d4 d6 4. c4 Nb6 5. exd6 cxd6 6. Nc3 g6 7. Nf3 Bg7 8. Be3 0-0 9. Be2 Nc6 10. 0-0 Bg4 11. Qd3 Rc8 12. b3 a5 13. d5 Bxf3 14. gxf3 Nb4 15. Qd2 Bxc3 16. Qxc3 N6xd5 17. Qd2 Nxe3 18. fxe3 b6 19. f4 f5 20. Bf3 Qc7 21. Rad1 Rf6 22. a3 Na6 23. Qd5+ Kg7 24. e4 fxe4 25. Bxe4 Qc5+ 26. Kg2 Rcf8 27. Qb7 Rxf4 28. Rxf4 Qg5+ 29. Kh1 Qxf4 30. Bg2 Nc5 31. Qxe7+ Rf7 32. Qxd6 Nxb3 33. Qxb6 Qxc4 34. Rb1 a4 35. Qd6 Qc7 36. Qb4 Rf4 37. Qb5 Rc4 38. Rf1 Nd2 39. Qb2+ Rc3 40. Qxd2 Qc5 41. Qd7+ Kh6 42. Qxa4 Rxa3 43. Qh4+ Kg7 44. Qf6+ Kh6 45. Qf4+ Kg7 46. Rc1 Rc3 47. Rb1 Re3 48. Be4 Rxe4 49. Qxe4 Kf6 50. Rf1+ Kg7 51. Re1 Kf6 52. Qe6+ 1-0

[Event "Gibraltar Masters 9th"]
[Site "Caleta"]
[Date "2011.01.29"]
[Round "5"]
[White "Tari, Aryan"]
[Black "Gholami, Armin"]
[Result "1-0"]
[WhiteElo "2097"]
[BlackElo "1779"]
[PlyCount "57"]
[EventDate "2011.01.25"]
[EventType "swiss"]
[EventRounds "10"]
[EventCountry "GGB"]
[SourceTitle "CBM 141"]
[Source "ChessBase"]
[SourceDate "2011.03.17"]
[SourceVersion "1"]
[SourceVersionDate "2011.03.17"]
[SourceQuality "1"]

1. e4 e6 2. d4 d5 3. Nc3 Nf6 4. e5 Nfd7 5. f4 c5 6. Nf3 Nc6 7. Be3 a6 8. Qd2 b5 9. dxc5 Bxc5 10. Bxc5 Nxc5 11. Qf2 Qb6 12. Bd3 b4 13. Ne2 a5 14. 0-0 Rb8 15. Kh1 h6 16. Qg3 0-0 17. Rad1 Nxd3 18. cxd3 f6 19. exf6 Rxf6 20. Ne5 Ne7 21. Rc1 Nf5 22. Qh3 Qd6 23. g4 Ne7 24. Nd4 Ba6 25. Ndc6 Rbf8 26. Nxe7+ Qxe7 27. Rfe1 Qa7 28. g5 Rxf4 29. Qxe6+ 1-0

[Event "NOR-chT Clubs"]
[Site "Drammen"]
[Date "2010.10.10"]
[Round "5"]
[White "Rambo, Jan Bjarne"]
[Black "Gholami, Armin"]
[Result "1/2-1/2"]
[WhiteElo "1612"]
[BlackElo "1685"]
[PlyCount "93"]
[EventDate "2010.10.08"]
[EventType "team"]
[EventRounds "6"]
[EventCountry "NOR"]
[SourceTitle "EXT 2015"]
[Source "ChessBase"]
[SourceDate "2014.11.20"]
[SourceVersion "1"]
[SourceVersionDate "2014.11.20"]
[SourceQuality "1"]
[WhiteTeam "Barum"]
[BlackTeam "OSS V"]
[WhiteTeamCountry "NOR"]
[BlackTeamCountry "NOR"]

1. c4 d6 2. Nc3 e5 3. Nf3 Nc6 4. e4 Be7 5. Be2 f5 6. d4 Nf6 7. dxe5 dxe5 8. Qxd8+ Bxd8 9. exf5 Bxf5 10. Be3 0-0 11. h3 Be7 12. 0-0 Rad8 13. g4 Bc8 14. Nb5 Ne8 15. Ng5 a6 16. Nc3 Nd4 17. Bd1 Nd6 18. Nd5 Bxg5 19. Bxg5 Rd7 20. b3 h6 21. Be3 Ne6 22. Bc2 b5 23. c5 Nf7 24. Rad1 Bb7 25. Nf6+ gxf6 26. Rxd7 Nfg5 27. Kh2 Nf4 28. Bxf4 exf4 29. h4 Nf3+ 30. Kh3 Bc8 31. Rxc7 Nd4 32. Be4 h5 33. f3 Ne6 34. Bd5 Kh8 35. Rxc8 Rxc8 36. Bxe6 Rxc5 37. Rf2 a5 38. gxh5 Rxh5 39. Kg4 Re5 40. Bf5 a4 41. bxa4 bxa4 42. Rc2 Rb5 43. Rc4 Ra5 44. h5 Kg7 45. a3 Kh6 46. Rc7 Ra7 47. Rxa7 1/2-1/2

[Event "NOR-chT Clubs"]
[Site "Drammen"]
[Date "2010.10.09"]
[Round "3.78"]
[White "Fjellheim, Marius"]
[Black "Gholami, Armin"]
[Result "1-0"]
[WhiteElo "1378"]
[BlackElo "1685"]
[PlyCount "79"]
[EventDate "2010.10.08"]
[EventType "team"]
[EventRounds "6"]
[EventCountry "NOR"]
[SourceTitle "EXT 2015"]
[Source "ChessBase"]
[SourceDate "2014.11.20"]
[SourceVersion "1"]
[SourceVersionDate "2014.11.20"]
[SourceQuality "1"]
[WhiteTeam "Akademisk II"]
[BlackTeam "OSS V"]
[WhiteTeamCountry "NOR"]
[BlackTeamCountry "NOR"]

1. e4 e6 2. d4 d5 3. e5 c5 4. c3 Nc6 5. Nf3 Qb6 6. Bd3 Bd7 7. 0-0 cxd4 8. cxd4 Nxd4 9. Nxd4 Qxd4 10. Nc3 Qxe5 11. Re1 Qb8 12. Nxd5 Bd6 13. Qh5 Ne7 14. Nxe7 Bxe7 15. Be3 Bf6 16. Bb5 Bc6 17. Bxc6+ bxc6 18. Bc5 Qc7 19. Rxe6+ Kd8 20. Rd1+ Kc8 21. Rxf6 gxf6 22. Qf5+ Kb7 23. Rd7 Rhe8 24. Rxc7+ Kxc7 25. g3 Re5 26. Qf4 Kd7 27. Bd4 Re6 28. Bxf6 c5 29. Bc3 f6 30. Qf5 Kd6 31. Qxh7 a5 32. Qb7 Rae8 33. Qb6+ Kd5 34. Qxa5 f5 35. Qb5 f4 36. Qd3+ Kc6 37. Qf3+ Re4 38. g4 Kb5 39. g5 Ra4 40. a3 1-0

[Event "Arctic Chess Challenge"]
[Site "Tromsoe"]
[Date "2010.08.03"]
[Round "4"]
[White "Gholami, Armin"]
[Black "Soraas, Torben"]
[Result "0-1"]
[WhiteElo "1836"]
[BlackElo "2139"]
[PlyCount "78"]
[EventDate "2010.07.31"]
[EventType "swiss"]
[EventRounds "9"]
[EventCountry "NOR"]
[SourceTitle "CBM 137 Extra"]
[Source "ChessBase"]
[SourceDate "2010.09.01"]
[SourceVersion "1"]
[SourceVersionDate "2010.09.01"]
[SourceQuality "1"]

1. Nf3 Nf6 2. c4 c5 3. Nc3 Nc6 4. d4 cxd4 5. Nxd4 g6 6. e4 d6 7. f3 Nxd4 8. Qxd4 Bg7 9. Be2 0-0 10. 0-0 Ng4 11. Qd3 Qb6+ 12. Kh1 Nf2+ 13. Rxf2 Qxf2 14. Be3 Qh4 15. g3 Qh3 16. Nb5 b6 17. g4 Bb7 18. Rg1 Be5 19. f4 f5 20. gxf5 Qxf5 21. Bf3 Qf6 22. f5 Qh4 23. Kg2 e6 24. Bf2 Qxh2+ 25. Kf1 Qh3+ 26. Ke1 exf5 27. Rh1 Bh2 28. c5 fxe4 29. Qb3+ d5 30. Bg4 Qxg4 31. Rxh2 Rf3 32. Qc2 e3 33. Bxe3 Rxe3+ 34. Kd2 Rae8 35. Qd1 Qxd1+ 36. Kxd1 bxc5 37. Nd6 R8e7 38. Rg2 d4 39. Rg1 Bf3+ 0-1

[Event "Oslo Akademisk Pfingst op"]
[Site "Oslo"]
[Date "2010.05.22"]
[Round "1"]
[White "Gholami, Armin"]
[Black "Mihajlov, Svetoslav"]
[Result "0-1"]
[WhiteElo "1792"]
[BlackElo "2117"]
[PlyCount "52"]
[EventDate "2010.05.22"]
[EventType "swiss"]
[EventRounds "6"]
[EventCountry "NOR"]
[SourceTitle "EXT 2012"]
[Source "ChessBase"]
[SourceDate "2011.11.24"]
[SourceVersion "1"]
[SourceVersionDate "2011.11.24"]
[SourceQuality "1"]

1. d4 Nf6 2. Nf3 c5 3. g3 cxd4 4. Nxd4 e5 5. Nf3 Nc6 6. c4 d5 7. cxd5 Nxd5 8. Bg2 Bb4+ 9. Kf1 e4 10. Nd4 f5 11. Nxc6 bxc6 12. Qc2 Bd7 13. a3 Bd6 14. b4 a5 15. Bb2 0-0 16. bxa5 Rxa5 17. Nc3 Qe7 18. Rd1 Bxa3 19. Nxd5 Rxd5 20. Rb1 Bb4 21. Qc4 Be6 22. Qxc6 Rc8 23. Qa4 Ra5 24. Qd1 Rd8 25. Qc2 Rd2 26. Qc6 Rxb2 0-1

[Event "Oslo ASKO Pinseturnering-B"]
[Site "Oslo"]
[Date "2009.05.30"]
[Round "6"]
[White "Bjelland, Nils Inge"]
[Black "Gholami, Armin"]
[Result "1/2-1/2"]
[WhiteElo "1303"]
[BlackElo "1048"]
[PlyCount "68"]
[EventDate "2009.05.30"]
[EventType "swiss"]
[EventRounds "6"]
[EventCountry "NOR"]
[SourceTitle "EXT 2011"]
[Source "ChessBase"]
[SourceDate "2010.11.26"]
[SourceVersion "1"]
[SourceVersionDate "2010.11.26"]
[SourceQuality "1"]

1. Nf3 Nf6 2. c4 c5 3. g3 g6 4. Bg2 Bg7 5. Nc3 e6 6. d4 cxd4 7. Nxd4 a6 8. 0-0 0-0 9. Bd2 Nc6 10. Nc2 d6 11. Bf4 e5 12. Bg5 Qc7 13. Bxf6 Bxf6 14. Nd5 Qd8 15. Rc1 Bg7 16. b3 Ne7 17. Ncb4 a5 18. Nxe7+ Qxe7 19. Nd5 Qd8 20. a4 Be6 21. Nc3 Qe7 22. Bd5 Rad8 23. e3 Bh3 24. Bg2 Bxg2 25. Kxg2 f5 26. Nd5 Qg5 27. f4 Qh6 28. h4 Rfe8 29. Re1 e4 30. Rc2 Rc8 31. Rd2 Rc5 32. Qe2 Re6 33. Red1 Rc6 34. Rc1 Rc5 1/2-1/2

[Event "Oslo ASKO Pinseturnering-B"]
[Site "Oslo"]
[Date "2009.05.30"]
[Round "1"]
[White "Pettersen, Kjell F"]
[Black "Gholami, Armin"]
[Result "1/2-1/2"]
[WhiteElo "1434"]
[BlackElo "1048"]
[PlyCount "45"]
[EventDate "2009.05.30"]
[EventType "swiss"]
[EventRounds "6"]
[EventCountry "NOR"]
[SourceTitle "EXT 2011"]
[Source "ChessBase"]
[SourceDate "2010.11.26"]
[SourceVersion "1"]
[SourceVersionDate "2010.11.26"]
[SourceQuality "1"]

1. e4 e6 2. d4 d5 3. Nc3 Bb4 4. e5 c5 5. Nf3 Nc6 6. Bb5 Bd7 7. Bxc6 Bxc6 8. a3 Bxc3+ 9. bxc3 Bb5 10. a4 Qa5 11. dxc5 Bc4 12. Qd4 Ne7 13. Nd2 Nf5 14. Nxc4 Nxd4 15. Nxa5 Nxc2+ 16. Kd2 Nxa1 17. Ba3 b6 18. Rxa1 bxa5 19. c6 Kd8 20. Bd6 Rc8 21. c7+ Kd7 22. Rb1 f6 23. f4 1/2-1/2